Nota sobre el significado económico de la ecuación de Pareto (Registro nro. 24742)

Detalles MARC
000 -LEADER
fixed length control field 00350 a2200109 4500
001 - CONTROL NUMBER
control field ART_10430
005 - DATE AND TIME OF LATEST TRANSACTION
control field 20260410161848.0
008 - FIXED-LENGTH DATA ELEMENTS--GENERAL INFORMATION
fixed length control field 260409a
100 1# - MAIN ENTRY--PERSONAL NAME
Personal name Fernandez Pol, Jorge E.
245 10 - TITLE STATEMENT
Title Nota sobre el significado económico de la ecuación de Pareto
773 0# - HOST ITEM ENTRY
Title Económica
Related parts - Año XVII, Nº2 (may./ago. 1971)
Record control number REV7541

No hay ítems disponibles.